000 00536nam a2200157 i 4500
001 183662
003 ES-MaACL
005 20230906221939.0
008 140917s1912 sp |||| | spa d
100 1 _aSan Martín y Falcón, José de.
_9102276
245 1 0 _aMesa-banco higiénicos plegable para escuelas, modelo "San-Martín" patentados.
260 _aMadrid :
_b[s.n.],
_c1912 (
_fTip. de A. Marzo)
300 _a16 p., 6 lám. ;
_c18 cm.
650 4 _aCentros docentes-
_xMaterial y equipo.
_9151981
852 _aES-MaACL
_jT-1320-F-3
999 _c183662
_d183662